000
00327 a2200157 4500
001
58227
020
_a
8522003696
040
_c
Anchieta - Pituba
100
_a
Athayde, Roberto
240
1
0
_a
Carlota rainha
_l
por
245
1
0
_a
Carlota rainha
300
_a
179
362
0
_a
1994
650
4
_a
Drama brasileiro
942
_c
BK
999
_c
58227
_d
58227